000 00396cam a2200157ua 4500
041 _aeng
_h
082 _a828.09
_bBUX/EL
100 _aBuxton, John .
245 _aElizabethan taste /
_cJohn Buxton.
_hTextual Documents
250 _a1 /
_b.
260 _aMelbourne,London :
_bMacMillan and Company Limited ,
_c1963.
300 _a370 ; .
504 _a
942 _cBK
999 _c8801
_d8801